export_success — 

Reforming China : theoretical framework.

Bibliographic Details
Main Author: Yang
Format: Book
Published: Singapore: Enrich Professional Publishing, 2011.
Series:Enrich series on China's economic reform vol. 1
Subjects:
LEADER 00567cam a2200181 7i4500
001 0000027238
005 20120209090000.0
020 0 0 |a 9789814298001  
090 0 0 |a CHIN 338.951   |b YAN 
100 1 0 |a Yang  
245 1 0 |a Reforming China : theoretical framework. 
260 0 0 |a Singapore:   |b Enrich Professional Publishing,   |c 2011. 
300 # # |a 239 p. 
440 0 0 |a Enrich series on China's economic reform vol. 1 
650 0 0 |a China --   |x Economic policy  
650 0 0 |a China --   |x Economic conditions  
651 0 0 |a China  
999 |a B000029858  |b Book  |c Countries  |e Business Information Centre